| 000 | 00611nam a2200229Ia 4500 | ||
|---|---|---|---|
| 005 | 20250425161437.0 | ||
| 008 | 250425s9999 xx 000 0 und d | ||
| 020 | _a0906085608 | ||
| 041 | _aeng | ||
| 082 | _a621.8672 | ||
| 110 | _aBHRA FLUID ENGINEERING | ||
| 245 | 0 | _aPAPERS PRESENTED AT THE FOURTH INTERNATIONAL CONFERENCE ON THE INTERNAL AND EXTERNAL PROTECTION OF PIPES | |
| 250 | _aS.E. | ||
| 260 | _aBEDFORD | ||
| 260 |
_aReino Unido _bBHRA _c1981 |
||
| 300 | _a328 | ||
| 650 | _aINGENIERIA MECANICA | ||
| 650 | _aPROTECCION | ||
| 650 | _aTUBOS DE ACERO | ||
| 942 | _c01 | ||
| 010 | _a20435 | ||
| 999 |
_c209365 _d209365 |
||